| 000 | 01016cam a2200337 i 4500 | ||
|---|---|---|---|
| 001 | 0000882 | ||
| 003 | DO-SdBPM | ||
| 005 | 20250522071521.0 | ||
| 007 | 0000882 | ||
| 008 | 100514s1987 v a || 000 f spa | ||
| 015 | _a | ||
| 017 |
_a _b |
||
| 020 | _a9802570303 | ||
| 035 | _a | ||
| 040 |
_aDO-SdBPM _bspa _cBPMSU _e |
||
| 080 | _a | ||
| 082 | 4 |
_a863.6 _bP348p 1987 _222 |
|
| 100 | 1 |
_a Paz Castillo, Fernando, _d1893-1981. |
|
| 245 | 1 | 3 |
_a El príncipe moro / _c Fernando Paz Castillo ; ilustración y diseño Vicky Sempere. _h |
| 260 |
_aCaracas, Venezuela : _b Ediciones Ekaré-Banco del Libro, _c1987 |
||
| 300 |
_avarias paginaciones _bil. ; _c22 cm. |
||
| 490 | 0 | _aRimas y adivinanzas | |
| 590 | _aInventariado, 2025/VM | ||
| 650 | 4 | _a Cuentos infantiles venezolanos | |
| 650 | 4 |
_vLibros ilustrados para niños _a |
|
| 650 | 4 |
_aPríncipes _vCuentos infantiles |
|
| 650 | 4 | _a | |
| 700 | 1 |
_aSempere, Vicky, _d1953- |
|
| 910 | _aVMateo V. Control de calidad. BPMSU | ||
| 942 |
_2ddc _cBK |
||
| 999 |
_c15075 _d15075 |
||